00835pam a2200181 a 450008200200000011000440002024500600006426001190012430000320024352600370027565000410031265000640035365000630041771000450048094200120052599900190053795200970055600a388.068bNATcD aNational Research Council (U.S).92001700aTransportation management, finance, and pricing issues. aWashington, D.C. :bTransportation Research Board, National Research Council, National Academy of Sciences,c1983. aiv, 78 p. :bill. ;c28 cm. a0b0c0d388_068000000000000_NAT 0aDzUnited StatesxCongresses.938520 0aTransportation and statezUnited StatesxCongresses.938309 0aTransportationzUnited StatesxFinancexCongresses.9385212 aNational Research Council (U.S.).920017 2ddccBK c543141d543141 00102ddc4070aMCEbMCEd2014-03-07l0o388.068 NATpMCE-42306r2014-03-07w2014-03-07yBK